000
00285nam a22001217a 4500
082
_a
657.42 COS'L
100
_a
LANG, THEODORE
_9
73372
245
_a
COST ACCOUNTANT'S HANDBOOK
260
_a
NEWYORK
_b
RONAOLD
_c
1949
300
_a
XI, 1482P
650
_a
YO-MECH-16
_9
60616
942
_c
BK
999
_c
579133
_d
579133